Futurama: 300 Big Boys Quiz Stats

 Plays Quiz Updated Feb 14, 2012

Score 0/10 Timer 02:00
1 Play Today
Character Purchase % Correct
Fry100 Cups of Coffee
94.3%
AmyTattoo
62.5%
Kif KrokerDate and Watch
61.9%
HermesBamboo Boogie Boots
56.6%
LeelaSwim With Mushu
52.9%
Professor FarnsworthStem Cells
52.2%
Dr. ZoidbergHot Dog Feast
51%
ScruffyHaircut
47.7%
BenderBurglar's Tools
41.7%
Zapp BranniganMedal
17.5%

You're not logged in!

Compare scores with friends on all Sporcle quizzes.
OR
Log In

Sporcle TV

Today on Sporcle TV


Watch our educational content, quiz creation guides, and fun videos on Sporcle TV.

Show Comments

Extras

Top Quizzes Today


Score Distribution

Your Account Isn't Verified!

In order to create a playlist on Sporcle, you need to verify the email address you used during registration. Go to your Sporcle Settings to finish the process.

Report this User

Report this user for behavior that violates our Community Guidelines.

Details: